• 首页
  • 本馆介绍
  • 公告通知
  • 最新文献
  • 馆藏检索
  • 电子资源
  • 读者导购
  • 参考咨询
  • 我的图书馆
  • 登录
  • 详细信息显示
  • 放入我的书架
  • 预约/预借图书
  • 作者相关作品
  • 分类相关作品
  • 丛书相关作品
  • 出版社相关作品

书目信息

  • 表格格式
  • 工作单格式
  • 卡片格式
题名:
水族动物育种学
    
 
作者: 李家乐 主编
分册:  
出版信息: 北京   中国农业出版社  2018
页数: 194页
开本: 26cm
丛书名:
单 册:
中图分类: S96
科图分类:
主题词: 水产动物--育种--高等教育--教材
电子资源:
ISBN: 978-7-109-23732-2
000 00966nam0 2200241 450
001 012001005200
005 20140101150421.0
010    @a978-7-109-23732-2@dCNY30.00
100    @a20190406d2018 em y0chiy50 ea
101 0  @achi
102    @aCN@b110000
105    @aa z 000yy
106    @ar
200 1  @a水族动物育种学@9shui zu dong wu yu zhong xue@f李家乐主编
210    @a北京@c中国农业出版社@d2018
215    @a194页@c图@d26cm
300    @a普通高等教育农业部“十二五”规划教材 全国高等农林院校“十二五”规划教材
330    @a本书比较全面而又系统地阐述了水族动物育种的基本原理和应用技术。全书共11章,内容包括绪论、水族动物种质资源保护与合理利用、选择育种、杂交育种、诱变育种、多倍体育种、雌核发育和雄核发育、细胞融合及核移植技术、转基因技术、分子标记和育种、水族动物引种和驯化等。
606 0  @a水产动物@x育种@x高等教育@j教材
690    @aS96@v5
701  0 @a李家乐@9li jia le@4主编
801  0 @aCN@b江苏凤凰@c20191020
905    @b1207730-3@dS96@e60@f4
    
    水族动物育种学/李家乐主编.-北京:中国农业出版社,2018
    194页:图;26cm
    普通高等教育农业部“十二五”规划教材 全国高等农林院校“十二五”规划教材
    
    ISBN 978-7-109-23732-2:CNY30.00
    本书比较全面而又系统地阐述了水族动物育种的基本原理和应用技术。全书共11章,内容包括绪论、水族动物种质资源保护与合理利用、选择育种、杂交育种、诱变育种、多倍体育种、雌核发育和雄核发育、细胞融合及核移植技术、转基因技术、分子标记和育种、水族动物引种和驯化等。
●
相关链接 在E读中查询图书 在五车中查询图书 在当当中查询图书 在豆瓣中查询图书


正题名:水族动物育种学     索取号:S96/60         预约/预借

序号 登录号 条形码 馆藏地/架位号 状态 备注
1 1207730   212077303   第二样本阅览室/ [索取号:S96/60] 在馆    
2 1207731   212077312   第三借阅区/ [索取号:S96/60] 在馆    
3 1207732   212077321   第三借阅区/ [索取号:S96/60] 在馆    
4 1207733   212077330   第三借阅区/ [索取号:S96/60] 在馆    
唐山师范学院图书馆 欢迎您!
大连网信软件有限公司© 版权所有